| 000 | 01224cam a22003857a 4500 | ||
|---|---|---|---|
| 003 | CHAP | ||
| 005 | 20220817043101.0 | ||
| 008 | 971010s1983 r 00010 d | ||
| 010 | _a65075 | ||
| 011 | _a66047 | ||
| 035 | _a73888 | ||
| 040 | _cCHAP | ||
| 082 |
_a664.729 _bF3 |
||
| 110 | _aFAO | ||
| 245 | 1 | 3 | _aLa elaboración y almacenamiento de los cereales por las familias rurales |
| 260 |
_aRoma : _bFAO, _c1983 |
||
| 300 |
_a136 p. _b: ilus. |
||
| 410 | _aFAO | ||
| 490 | 0 |
_aFAO. Servicios agrícolas _v; 53 |
|
| 590 |
_aBATCH-UPD _b10 _c20130110 _lUCH01 _h0811 |
||
| 590 |
_aBATCH-UPD _b10 _c20130410 _lUCH01 _h0448 |
||
| 590 |
_aBATCH-UPD _b10 _c20130914 _lUCH01 _h0914 |
||
| 590 |
_aCONVERSION _b10 _c20130109 _lUCH01 _h1335 |
||
| 650 | 1 | 4 |
_aCereales _xAlmacenamiento. _921373 |
| 650 | 1 | 4 |
_aCereales _xProcesado. _921454 |
| 700 | 0 |
_aForster, R.H. _942627 |
|
| 700 | 0 |
_aO'Kelly, Elizabeth. _982356 |
|
| 810 | 0 | _aFAO | |
| 830 | 0 | 0 |
_aFAO. Servicios agrícolas _v; 53 _939697 |
| 901 | _aBK | ||
| 942 | _cLIBRO | ||
| 949 |
_a664.729 F3 _bBC _cFAO _d-146920 _eFAO1 _h61680 _i73888 _si |
||
| 949 |
_a664.729 F3 _bBC _cFAO _d-146921 _eFAO2 _fc.2 _h63804 _i73888 _si |
||
| 949 |
_a664.729 F3 _bF _cLIBRO _d-6718 _eLIBRO _h2878 _i73888 _si |
||
| 999 |
_c65075 _d65075 |
||